عرض عادي
عرض مارك
- مرعشي، عبد الودود.
مدخل إسم شخص
001 - رقم الضبط
- حقل الضبط: 14443
003 - معرف رقم الضبط
- حقل الضبط: OSt
005 - تاريخ ووقت أخر عملية
- حقل الضبط: 20120520135108.0
008 - عناصر بيانات ثابتة الطول
- حقل تحكم ثابت الطول: 120520|||a|||||| | ||| d
040 ## - مصدر الفهرسة
- هيئة الفهرسة الأصلية: OSt
- وكالة الكتابة: OSt
100 ## - مدخل -- أسم شخص
- إسم شخص: مرعشي، عبد الودود.
670 ## - بيانات المصدر موجوده
- الاستشهاد بالمصدر: Work cat.: (OSt): مرعشي، عبد الودود., برمجة نظام المحاسبة العامة باستخدام Access 2010 =, 2012.
